Geografía económica /

Detalles Bibliográficos
Autor principal: Jones, Clarence
Otros Autores: Darkenwald, Gordon
Formato: Libro
Publicado: México : Fondo de cultura económica, 1964.
Edición:7a ed.
Materias:
Etiquetas: Agregar Etiqueta
Sin Etiquetas, Sea el primero en etiquetar este registro!

MARC

LEADER 00000nam a22000004a 4500
001 AR-BbUGT1604
003 AR-BbUGT
005 20181220001551.0
007 ta
008 061101t1964 |||ab |0|||0| d
040 |a AR-BbUGT  |b spa  |c AR-BbUGT 
082 0 4 |a 330.91 
100 1 |a Jones, Clarence. 
245 1 0 |a Geografía económica /   |c Clarence Jones ; Gordon Darkenwald. 
250 |a 7a ed. 
260 |a México :   |b Fondo de cultura económica,   |c 1964. 
300 |a 722 p. :   |b il., mapas 
653 |a Geografía Económica 
700 1 |a Darkenwald, Gordon. 
942 |c BK  |h 330.91  |i J712A7  |m D  |2 ddc  |6 330_910000000000000_J712A7 
999 |c 9375  |d 9375